The recombinant protein handbook : Protein amplification and simple purification
This book introduces the reader to the initail considerations to be made when deciding upon host, vector and use of a fusion or non-fusion protein and covers general guidelines for successful protein amplification.
Đã lưu trong:
| Formáid: | Leabhar |
|---|---|
| Teanga: | Undetermined |
| Foilsithe: |
Uppsala
Amersham Pharmacia Biotech
2000
|
| Ábhair: | |
| Clibeanna: |
Cuir Clib Leis
Gan Chlibeanna, Bí ar an gcéad duine leis an taifead seo a chlibeáil!
|
| Thư viện lưu trữ: | Trung tâm Học liệu Trường Đại học Cần Thơ |
|---|
| LEADER | 00717nam a2200181Ia 4500 | ||
|---|---|---|---|
| 001 | CTU_192484 | ||
| 008 | 210402s9999 xx 000 0 und d | ||
| 082 | |a 572.6 | ||
| 082 | |b R311 | ||
| 245 | 4 | |a The recombinant protein handbook : | |
| 245 | 0 | |b Protein amplification and simple purification | |
| 260 | |a Uppsala | ||
| 260 | |b Amersham Pharmacia Biotech | ||
| 260 | |c 2000 | ||
| 520 | |a This book introduces the reader to the initail considerations to be made when deciding upon host, vector and use of a fusion or non-fusion protein and covers general guidelines for successful protein amplification. | ||
| 650 | |a Proteins,Proteins | ||
| 904 | |i Trúc | ||
| 980 | |a Trung tâm Học liệu Trường Đại học Cần Thơ | ||